| 000 | 01742nam0a2200337 i 4500 | ||
|---|---|---|---|
| 001 | RU\NLR\bibl\2008361 | ||
| 005 | 20240921182948.0 | ||
| 010 |
_a9785439603237 _93000 |
||
| 021 |
_aRU _b2013-11368 _9815 |
||
| 035 | _a(NLR Aleph) 001996964 | ||
| 090 |
_a4304773 _c4304773 |
||
| 100 | _a20130306d2013 u y0rusy50 ca | ||
| 101 | 0 | _arus | |
| 102 | _aRU | ||
| 105 | _ay ||||||||| | ||
| 200 | 1 |
_aОперативно-розыскное и криминалистическое обеспечение судебного разбирательства дел о преступлениях, совершаемых организованными преступными сообществами _eмонография _fА.С. Кудрявицкий, Я.М. Мазунин |
|
| 210 |
_aМосква _cЮрлитинформ _d2013 |
||
| 215 |
_a198, [1] с. _d21 |
||
| 225 | 1 |
_aБиблиотека криминалиста _eБК |
|
| 300 | _aНа обороте тит. л. авт.: Кудрявицкий А.С., к.ю.н., Мазунин Я.М., д.ю.н., проф., засл. юрист Рос. Федерации | ||
| 320 | _aБиблиогр.: с. 170-184 и в подстроч. примеч. | ||
| 606 | 1 |
_aОрганизованная преступность _xСудебное разбирательство _yРоссийская Федерация _92628670 _3RU\NLR\auth\661565230 |
|
| 686 | _aХ629.374 | ||
| 700 | 1 |
_aКудрявицкий _bА. С. _gАлександр Сергеевич _4070 |
|
| 701 | 1 |
_aМазунин _bЯ. М. _gЯков Маркиянович _4070 |
|
| 801 | 0 |
_aRU _bNLR _c20130306 _gRCR |
|
| 801 | 1 |
_aRU _bNLR _c20130306 |
|
| 830 | _aавт. по кн. | ||
| 942 | _cBOOK | ||
| 980 | _aNBR | ||